Sanat "Terveiset sinne taivaaseen" - Ilpo Kaikkonen - Statistics

Yleistilastot
  • Tätä visaa on pelattu 41 kertaa
    25 viimeisimmän päivityksen jälkeen
  • Keskiarvotulos 68 / 159
Vastaustilastot
Vastaus % Oikein
sinne
94%
taivaaseen
94%
Terveiset
94%
terveiset
94%
sua
75%
taas
75%
uudelleen
75%
ja
63%
juhlitaan
56%
koskaan
56%
eikä
50%
en
50%
kun
50%
50%
rakkaitaan
50%
saa
50%
nähdä
44%
unohtaa
44%
enää
38%
kai
38%
kanssas
38%
kulkemaan
38%
maa
38%
niin
38%
sun
38%
surunkin
38%
taivas
38%
tunnen
38%
et
31%
Lensit
31%
nähtiin
31%
On
31%
päässyt
31%
saan
31%
sut
31%
tähtiin
31%
tuulet
31%
valos
31%
viel
31%
vielä
31%
vinkuu
31%
voimas
31%
ehkä
25%
elämästä
25%
hinkuu
25%
ikuiset
25%
ilon
25%
jäivät
25%
jatkamme
25%
jos
25%
kaivanneen
25%
kantaa
25%
kirkkaampaa
25%
kuin
25%
luo
25%
luovu
25%
mua
25%
muistot
25%
mulle
25%
mut
25%
nähty
25%
ne
25%
nyt
25%
oisit
25%
oo
25%
siksi
25%
sisään
25%
täällä
25%
taivaanrantaa
25%
toisit
25%
unelmaa
25%
vaan
25%
vähästä
25%
yhtä
25%
eksymästä
19%
jään
19%
Kuljet
19%
kuollutkaan
19%
kutsut
19%
lakkaa
19%
onnen
19%
siellä
19%
sinä
19%
tiellä
19%
tunnemme
19%
viereltäs
19%
enkelit
13%
iltarukoukset
13%
luetut
13%
mustiin
13%
nään
13%
puetut
13%
saapuu
13%
viimeiset
13%
Ehtoja vastaavia visoja ei löytynyt
Tulosjakauma
Jokaisen tuloksen saaneiden osuus
Persentiili vastausten määrän mukaan
Tuloshistoriasi
Et ole pelannut tätä visaa sen viimeisimmän päivityksen jälkeen